Normal view
MARC view
Entry Personal Name
001 - CONTROL NUMBER
- control field: 56467
003 - CONTROL NUMBER IDENTIFIER
- control field: dpl
005 - DATE AND TIME OF LATEST TRANSACTION
- control field: 20230912160559.0
008 - FIXED-LENGTH DATA ELEMENTS
- fixed length control field: 230912|| aca||aabn | a|a d
040 ## - CATALOGING SOURCE
- Original cataloging agency: dpl
- Transcribing agency: dpl
100 ## - HEADING--PERSONAL NAME
- Personal name: तनेजा, प्रेमलता
670 ## - SOURCE DATA FOUND
- Source citation: Work cat.: (dpl)198044: तनेजा, प्रेमलता , भारतीय संस्कृति :, 2016
